书目信息 |
| 题名: |
当代国外著名景观设计师作品精选
|
|
| 作者: | 特鲁洛夫 , Trulove , 特鲁洛夫 编著 ;周文正 译 | |
| 分册: | 马里奥·谢赫楠 | |
| 出版信息: | 北京 中国建筑工业出版社 2002.9 |
|
| 页数: | 123页 | |
| 开本: | 23×23cm | |
| 丛书名: | ||
| 单 册: | ||
| 中图分类: | TU-856 , TU986.2 , TU-856.2 | |
| 科图分类: | ||
| 主题词: | 景观--环境设计--外国--现代--图集 , 景观--环境设计--墨西哥--现代--图集 , CT--S040973--景观 , CT--S903718--环境设计 | |
| 电子资源: | ||
| ISBN: | 7-112-04986-5 | |
| 000 | 01509nam0 2200373 450 | |
| 001 | CALS012002998855 | |
| 005 | 20021121110218.0 | |
| 010 | @a7-112-04986-5@dCNY 56.00 | |
| 035 | @a002184581 | |
| 099 | @aCALS012002998855 | |
| 100 | @a20021105d2002 em y0chiy0110 ea | |
| 101 | 1 | @achi@ceng |
| 102 | @aCN@b110000 | |
| 105 | @aa z 000yy | |
| 200 | 1 | @a当代国外著名景观设计师作品精选@i马里奥·谢赫楠@f(美)特鲁洛夫(James Grayson Trulove)编著@F(mei)te lu luo fu(James Grayson Trulove)bian zhu@g周文正译 |
| 210 | @a北京@c中国建筑工业出版社@d2002.9 | |
| 215 | @a123页@d23×23cm | |
| 305 | @a美国Rockport出版社授权出版 | |
| 314 | @a詹姆斯·G. 特鲁洛夫(James Grayson Trulove),定居在华盛顿市及纽约市,从事景观、艺术、图像设计,以及建筑艺术领域里的书籍出版和编辑工作。著有《美国的新游泳池》、《热泥,凉吸管》、《新设计:阿姆斯特丹》等。 | |
| 330 | @a本书介绍了当代世界上最有成就和多才多艺的景观建筑师之一马里奥·谢赫楠的设计作品,包括泰佐佐莫克公园、马里那尔科住宅、墨西哥文化中心等。 | |
| 606 | 0 | @a景观@x环境设计@y外国@z现代@j图集 |
| 606 | 0 | @a景观@x环境设计@y墨西哥@z现代@j图集 |
| 606 | 0 | @2CT@3S040973@a景观 |
| 606 | 0 | @2CT@3S903718@a环境设计 |
| 690 | @aTU-856@v4 | |
| 690 | @aTU986.2@v4 | |
| 690 | @aTU-856.2@v3 | |
| 701 | 1 | @a特鲁洛夫@bJ.G.@4编著 |
| 701 | 1 | @aTrulove@bJames Grayson@4编著 |
| 701 | 0 | @a特鲁洛夫@Ate lu luo fu@bJamesGraysonTrulove@4编著 |
| 702 | 0 | @a周文正@4译 |
| 801 | 0 | @aCN@bNLC@c20021125 |
| 905 | @a10447@dTU-856.2@eT4004 | |
| 906 | @dCNY56.00@n0@r1 | |
| 当代国外著名景观设计师作品精选.马里奥·谢赫楠/(美)特鲁洛夫(James Grayson Trulove)编著/周文正译.-北京:中国建筑工业出版社,2002.9 |
| 123页;23×23cm |
| ISBN 7-112-04986-5:CNY 56.00 |
| 本书介绍了当代世界上最有成就和多才多艺的景观建筑师之一马里奥·谢赫楠的设计作品,包括泰佐佐莫克公园、马里那尔科住宅、墨西哥文化中心等。 |
| ● |
| 相关链接 |
|
|
|
正题名:当代国外著名景观设计师作品精选
索取号:TU-856.2/T4004
 
预约/预借
| 序号 | 登录号 | 条形码 | 馆藏地/架位号 | 状态 | 备注 |
| 1 | 551947 | 205519474 | 建筑库101/101建筑库 19排3列2层/ [索取号:TU-856.2/T4004] | 在馆 | |
| 2 | 551948 | 205519483 | 建筑库101/101建筑库 19排3列2层/ [索取号:TU-856.2/T4004] | 在馆 |